000 01159naa a2200301 c 4500
001 48241
003 ES-MaCES
005 20160929122950.0
008 160929s2016 sp ||||| t||||||| ||spa d
040 _aES-MaCES
_bspa
_cES-MaCES
_dES-MaCES
100 1 _923231
_aSánchez Domínguez, María Ángeles
245 1 0 _aFamilia y bienestar en la salud: la experiencia de las madres del baby-boom en España
_cMaría Sánchez-Domínguez
500 _aResumen
504 _aBibliografía: p. 89-90
650 4 _928521
_apersonas de edad avanzada
650 4 _927061
_aasistencia a las personas de edad avanzada
650 4 _930614
_aenvejecimiento de la población
650 4 _930671
_aestado de salud
650 4 _927318
_afamilia
650 4 _928657
_amujeres
650 4 _930651
_acuidado no profesional
650 4 _929489
_abienestar familiar
650 4 _926964
_aEspaña
653 1 0 _aMujer
773 0 _985095
_dMadrid Fundación de las Cajas de Ahorros (FUNCAS) 2005-
_o087993
_tPanorama social
_w(ES-MaCES)25996
_gn. 23 (1er. sem. 2016) {55/1043 R. 087993} ;p. 73-90
902 _aART Artículo de revista
942 _2CES
_cAR
_h3.3.
999 _c48241
_d48241